000 00621nam a2200277Ia 4500
005 20260324134315.0
008 008 260324s9999 xx 000 0 eng d
020 _a9781315840086
037 _aEBOOK
040 _aCRL
040 _beng
040 _cCRL
041 _2eng
041 _aeng
084 _qCRL
100 _aRuslan Mitkov
_91060911
245 0 _aAnaphora Resolution
260 _bTaylor and Francis
260 _c2002
365 _a
365 _b280
856 _uhttp://www.taylorfrancis.com/books/9781315840086
942 _cEBOOK
999 _c1796285
_d1796285